Retired Uniform Numbers by Athlete - Statistics

General Stats
  • This quiz has been taken 38 times
  • The average score is 10 of 16
Answer Stats
Hint Answer % Correct
Michael Jordan 23
94%
Jackie Robinson 42
85%
Wayne Gretzky 99
82%
Magic Johnson 32
79%
Peyton Manning 18
76%
Kobe Bryant 8
76%
Derek Jeter 2
70%
Mickey Mantle 7
67%
Scottie Pippen 33
64%
Reggie White 92
64%
Bill Russell 6
58%
Babe Ruth 3
48%
Lou Gehrig 4
48%
Nolan Ryan 30
45%
Hank Aaron 44
45%
Ted Williams 9
36%
No matching quizzes found
Score Distribution
Percent of People with Each Score
Percentile by Number Answered
Your Score History
You have not taken this quiz